[Event "Vienna Husek op-A"]
[Site "Vienna"]
[Date "2012.08.16"]
[Round "4"]
[White "Gutsch, Franz"]
[Black "Negovanovic, Daniel"]
[Result "1-0"]
[WhiteElo "2083"]
[BlackElo "1958"]
[PlyCount "65"]
[EventDate "2012.08.13"]
[EventType "swiss"]
[EventRounds "7"]
[EventCountry "AUT"]
[SourceTitle "EXT 2014"]
[Source "ChessBase"]
[SourceDate "2013.11.20"]
[SourceVersion "1"]
[SourceVersionDate "2013.11.20"]
[SourceQuality "1"]

1. Nf3 Nf6 2. d4 b6 3. g3 Bb7 4. Bg2 e6 5. 0-0 Be7 6. b3 0-0 7. Bb2 d5 8. Nbd2 c5 9. dxc5 bxc5 10. Ne5 Qc7 11. e3 Nc6 12. Ng4 Nd7 13. h4 f5 14. Nh2 Bf6 15. Bxf6 Nxf6 16. Nhf3 e5 17. Ng5 Qd7 18. e4 dxe4 19. Qe2 Nd4 20. Qc4+ Bd5 21. Qxc5 Rfc8 22. Qa5 Rxc2 23. Nc4 Bxc4 24. bxc4 Rxc4 25. Qxe5 a5 26. Rad1 Ng4 27. Qf4 Ne2+ 28. Kh1 Qxd1 29. Qxf5 Nxf2+ 30. Kh2 Ng4+ 31. Qxg4 Qd6 32. Qxe2 Rac8 33. Bxe4 1-0

[Event "Vienna-ch U16"]
[Site "Vienna"]
[Date "2011.01.04"]
[Round "5.2"]
[White "Strafinger, Elisabeth"]
[Black "Negovanovic, Daniel"]
[Result "1-0"]
[WhiteElo "1732"]
[BlackElo "1839"]
[PlyCount "139"]
[EventDate "2011.01.02"]
[EventType "swiss"]
[EventRounds "7"]
[EventCountry "AUT"]
[SourceTitle "EXT 2024"]
[Source "ChessBase"]
[SourceDate "2023.10.10"]
[SourceVersion "1"]
[SourceVersionDate "2023.10.10"]
[SourceQuality "1"]

1. e4 e5 2. Nf3 Nf6 3. Nxe5 d6 4. Nf3 Nxe4 5. Nc3 Nxc3 6. dxc3 Be7 7. Be2 0-0 8. 0-0 Bf5 9. Bf4 Nc6 10. Re1 Bf6 11. h3 d5 12. Bd3 Bxd3 13. Qxd3 d4 14. cxd4 Nxd4 15. c3 Ne6 16. Qxd8 Raxd8 17. Be3 Rd5 18. Red1 Rfd8 19. Rd2 Rxd2 20. Nxd2 Bg5 21. Bxg5 Nxg5 22. Nb3 Kf8 23. Re1 Ne6 24. Kf1 Rd6 25. Re2 Nf4 26. Rd2 Ra6 27. Nc1 Rg6 28. Rd7 Rc6 29. Nd3 Ke8 30. Rd4 Nxd3 31. Rxd3 Ra6 32. a3 Rb6 33. Rd2 Ke7 34. Ke2 Ke6 35. Ke3 Rb5 36. Ke2 Rg5 37. Kf3 Rf5+ 38. Ke3 Re5+ 39. Kf3 f5 40. Re2 g5 41. Rxe5+ Kxe5 42. Ke3 c5 43. Kd3 b5 44. c4 a6 45. b3 h5 46. cxb5 axb5 47. a4 bxa4 48. bxa4 Kd5 49. a5 h4 50. a6 Kc6 51. Kc4 g4 52. a7 Kb7 53. Kxc5 f4 54. f3 gxh3 55. gxh3 Kxa7 56. Kd5 Kb6 57. Ke5 Kc5 58. Kxf4 Kd4 59. Kg4 Ke3 60. f4 Ke4 61. Kg5 Kf3 62. f5 Kg3 63. f6 Kxh3 64. f7 Kg3 65. f8Q h3 66. Qf4+ Kg2 67. Qg4+ Kh2 68. Kf4 Kh1 69. Qxh3+ Kg1 70. Qg4+ 1-0

[Event "AUT-ch U12"]
[Site "St Georgen"]
[Date "2007.??.??"]
[Round "6"]
[White "Negovanovic, Daniel"]
[Black "Ramsbacher, Stefan"]
[Result "1-0"]
[WhiteElo "1223"]
[BlackElo "1392"]
[PlyCount "67"]
[EventDate "2007.05.??"]
[EventType "swiss"]
[EventRounds "7"]
[EventCountry "AUT"]
[SourceTitle "EXT 2008"]
[Source "ChessBase"]
[SourceDate "2007.11.25"]
[SourceVersion "1"]
[SourceVersionDate "2007.11.25"]
[SourceQuality "1"]

1. e4 d5 2. exd5 Qxd5 3. Nc3 Qa5 4. Nf3 Bg4 5. Be2 e6 6. d3 c6 7. 0-0 Bd6 8. Nd2 Bxe2 9. Qxe2 Qc7 10. Nf3 Nf6 11. Ne4 Nbd7 12. Nxd6+ Qxd6 13. h3 0-0 14. b3 Rad8 15. Bb2 Qe7 16. Ne5 Nb6 17. Ng4 Nfd5 18. Qf3 Rfe8 19. Qg3 g6 20. c4 Kf8 21. cxd5 Rxd5 22. Qf4 Qg5 23. Qxg5 Rxg5 24. f4 Ra5 25. b4 Rf5 26. Nf6 Rd8 27. g4 Rb5 28. a4 Rxb4 29. Ba3 a5 30. Bxb4+ axb4 31. a5 Nd7 32. Nxd7+ Rxd7 33. Rf3 b3 34. Rb1 1-0

[Event "AUT-ch U12"]
[Site "St Georgen"]
[Date "2007.??.??"]
[Round "2"]
[White "Penz, Florian"]
[Black "Negovanovic, Daniel"]
[Result "1/2-1/2"]
[WhiteElo "1408"]
[BlackElo "1223"]
[PlyCount "85"]
[EventDate "2007.05.??"]
[EventType "swiss"]
[EventRounds "7"]
[EventCountry "AUT"]
[SourceTitle "EXT 2008"]
[Source "ChessBase"]
[SourceDate "2007.11.25"]
[SourceVersion "1"]
[SourceVersionDate "2007.11.25"]
[SourceQuality "1"]

1. d4 d5 2. e4 Nc6 3. e5 Bf5 4. c3 e6 5. Nf3 f6 6. exf6 Nxf6 7. Bg5 h6 8. Bf4 Bd6 9. Bxd6 Qxd6 10. Bd3 Bxd3 11. Qxd3 0-0-0 12. 0-0 e5 13. Qf5+ Nd7 14. dxe5 Ncxe5 15. Nxe5 Qxe5 16. Qxe5 Nxe5 17. Re1 Nc6 18. Na3 a6 19. Rad1 Rhe8 20. h3 Rxe1+ 21. Rxe1 b5 22. Rd1 Kb7 23. Kh2 Kb6 24. Kg3 b4 25. cxb4 Nxb4 26. Nc4+ Kc5 27. Na5 Kb6 28. Nc4+ Kb5 29. Ne3 d4 30. a3 Nc6 31. Nf5 Rd5 32. Nh4 Kc4 33. Rc1+ Kb5 34. f4 d3 35. Nf3 Kb6 36. Kf2 Na5 37. Ke3 c5 38. b4 cxb4 39. axb4 Nc6 40. Ke4 Rd8 41. Rb1 Kb5 42. Ne1 Nxb4 43. Nxd3 1/2-1/2